书目信息 |
| 题名: |
伊斯兰与塞内加尔社会
|
|
| 作者: | 杨荣甲 , 田逸民 著 | |
| 分册: | ||
| 出版信息: | 北京 世界知识出版社 1984 |
|
| 页数: | 77页 | |
| 开本: | 19cm | |
| 丛书名: | ||
| 单 册: | ||
| 中图分类: | D743.40 | |
| 科图分类: | ||
| 主题词: | 政治--概况--塞内加尔 | |
| 电子资源: | ||
| ISBN: | ||
| 000 | 00644nam0 2200229 45 | |
| 001 | 0184011759 | |
| 005 | 20060817094728.42 | |
| 010 | @dCNY0.45 | |
| 091 | @a17003.1039 | |
| 100 | @a19960215d1984 em y0chiy0121 ea | |
| 101 | 0 | @achi |
| 102 | @aCN@b110000 | |
| 105 | @ay z 000yy | |
| 200 | 10 | @a伊斯兰与塞内加尔社会@Ayi si lan yu sai nei jia er she hui@f杨荣甲,田逸民著@FYang Rong Jia,Tian Yi Min Zhu |
| 210 | @a北京@c世界知识出版社@d1984 | |
| 215 | @a77页@d19cm | |
| 606 | 0 | @a政治@x概况@y塞内加尔 |
| 690 | @aD743.40@v3 | |
| 701 | 0 | @a杨荣甲@4著 |
| 701 | 0 | @a田逸民@4著 |
| 801 | 0 | @aCN@bNLC@c20060817 |
| 905 | @dD743.40@e112@f1@b174363 | |
| 伊斯兰与塞内加尔社会/杨荣甲,田逸民著.-北京:世界知识出版社,1984 |
| 77页;19cm |
| ISBN :CNY0.45 |
| ● |
| 相关链接 |
|
|
|
|
正题名:伊斯兰与塞内加尔社会
索取号:D743.40/112
 
预约/预借
| 序号 | 登录号 | 条形码 | 馆藏地/架位号 | 状态 | 备注 |
| 1 | 0174362 | 001013450 | 第一借阅区/ [索取号:D743.40/112] | 在馆 | |
| 2 | 0465267 | 204652679 | 密集书库/ [索取号:D743.40/112] | 在馆 |